Countries With Most Muslims With Exceptions - Statistics

General Stats
  • This quiz has been taken 1,229 times
    751 since last reset
  • The average score is 15 of 18
Answer Stats
# Country % Correct
4,130,000 United Kingdom
98%
3,450,000 United States
98%
5,720,000 France
96%
5,300,000–5,600,000 Germany
95%
14,000,000–22,000,000 Russia
94%
1,180,000 Spain
93%
1,148,213 Canada
90%
2,987,840 Italy
89%
1,797,645 Albania
85%
666,000 Australia
80%
1,955,084 Bosnia and Herzegovina
80%
800,000 Sweden
80%
887,000 Netherlands
75%
879,377 Belgium
74%
1,823,657 Kosovo
70%
861,015 Bulgaria
69%
720,000 Austria
67%
705,608 North Macedonia
56%
No matching quizzes found
Score Distribution
Percent of People with Each Score
Percentile by Number Answered
Your Score History
You have not taken this quiz since the last reset